=LDR 00000nam 2200000 4500 =001 INLIS000000000019192 =005 20201228011805 =035 ##$$a 0010-061300000019192 =008 201228################g##########0#ind## =041 ##$$a Ind =082 ##$$a 332.1 =090 ##$$a 332.1, Afi s =100 ##$$a Afiff, Faisal =245 1#$$a Strategi dan operasional bank /$c Prof. Dr. Faisal Afiff, SPEC. LIC...[et.al] =260 ##$$a Bandung :$b Eresco,$c 1996 =300 ##$$a x, 270 hlm. ; $c 20 x 14 cm. =650 #4$$a Bank dan Perbankan =850 ##$$a NBPNMAT =020 ##$$a 979-8020-93-6 =084 ##$$a 332.1 AFI s =250 ##$$a cet. 1 =990 ##$$a 111.686/Pro-97 =990 ##$$a 20604103 =990 ##$$a 20604100 =990 ##$$a 111.686/Pro-97 =990 ##$$a 20604103 =990 ##$$a 20604100 =990 ##$$a 20604103 =990 ##$$a 111.686/Pro-97 =990 ##$$a 20604100